000 00571nam a2200193 4500
001 140599
003 ES-MaACL
005 20230906200118.0
007 t|
008 070214s1908 fr r ||||1| fre d
100 1 _aSébillot, Paul Yves.
_9105026
245 1 3 _aLe paganisme contemporain chez les peuples celto-latins /
_cPaul Yves Sébillot.
260 _aParis :
_bTalfin Laport,
_c1908.
300 _a378 p. ;
_c18 cm.
490 1 _aEncyclopedie scientifique
830 0 _aEncyclopedie scientifique
_9180883
852 _aES-MaACL
_jD-4409
999 _c140599
_d140599